000
00277nam a2200109Ia 4500
008
220204s9999 xx 000 0 und d
082
_a
338.53
_b
WEB
100
_a
WEBB, M G
245
0
_a
Pricing policies for public enterprises
260
_a
London
_b
Macmillan
_c
1976
942
_c
BK
999
_c
28189
_d
28189